En quelle année est sorti ce manga au Japon ? - Statistiques

Statistiques générales
  • Ce quiz a été pris 5 fois
  • Le résultat moyen est 6 sur 15
Statistiques - réponses
Question Réponse % Correct
Naruto 1999
60%
Bleach 2001
60%
Death Note 2003
60%
L'Attaque des Titans 2009
60%
My Hero Academia 2014
60%
SPY×FAMILY 2019
60%
HUNTER × HUNTER 1998
40%
Fullmetal Alchemist 2001
40%
Assassination Classroom 2012
40%
Kaguya-sama - Love is War 2015
40%
Demon Slayer 2016
40%
Card Captor Sakura (Sakura, chasseuse de cartes) 1996
20%
Fruits Basket 1998
20%
The Quintessential Quintuplets (Gotoubun no Hanayome) 2017
20%
Sailor Moon 1992
0%
Aucun quiz correspondant
Distribution des résultats
% des personnes avec chaque résultat
Percentile par nombre de réponses
Votre historique - résultats
Vous n’avez pas pris ce quiz